000 01135nam a2200325 c 4500
001 14697
003 ES-MaCES
005 20141221122327.0
008 030313s2002 sp ||0 | spa d
017 _aM 19354-2002
_bDL
020 _a8489633622
035 _aCES20030002417m
040 _aES-MaCES
_bspa
_cES-MaCES
245 0 0 _aIsaiah Berlin
_b: una reflexión liberal sobre el "otro"
_cCarlos Dardé ... [et al.] ; coordinador José María Lassalle
260 _a[Madrid]
_bFundación para el Análisis y los Estudios Sociales
_c[2002]
300 _a194 p.
_c22 cm
490 1 _aPapeles de la Fundación
_v69
541 _cGratuito
600 1 4 _aBerlin, Isaiah
_97608
650 4 _aliberalismo
_931222
650 4 _ateoría política
_927233
653 1 0 _aCiencias Sociales-Políticas
700 1 _aDardé, Carlos
_910366
700 1 _aLassalle, José María
_ecol.
_916255
710 2 _aFundación para el Análisis y los Estudios Sociales (Madrid)
_eed.
_93873
830 0 _aPapeles de la Fundación
_v69
_932732
902 _aLIB Libro
942 _2CES
_cBK
_h7.0.
999 _c14697
_d14697